00489nam a2200121Ia 4500008004100000041001200041082001200053100003700065245015000102260006000252300000900312536004600321211220s9999 xx 000 0 eng d aEnglish aRP.0330 aPathania, RajuCSKHPKVvPalampur 0aAssessment of family health status of tribal women and children in Kinnaur district of Himachal Pradesh : bAn exploratory study / cRaj Pathania aNew Delhi :bIndian Council oF Social Science Research, a95p. aIndian Council of Social Science Research